A Bridgehead to Africa (Record no. 91233)

MARC details
000 -LEADER
fixed length control field 01226nam a2200229Ii 4500
008 - FIXED-LENGTH DATA ELEMENTS--GENERAL INFORMATION
fixed length control field 221202s xx 000 0 und d
100 1# - MAIN ENTRY--PERSONAL NAME
Personal name Alghafal, Suaad,
Relator term author
245 #2 - TITLE STATEMENT
Title A Bridgehead to Africa
246 ## - VARYING FORM OF TITLE
Title proper/short title German Interest in the Ottoman Province of Tripoli (Libya) 1884:1918
264 #1 - PRODUCTION, PUBLICATION, DISTRIBUTION, MANUFACTURE, AND COPYRIGHT NOTICE
Place of production, publication, distribution, manufacture Berlin/Boston
Name of producer, publisher, distributor, manufacturer De Gruyter
Date of production, publication, distribution, manufacture, or copyright notice 2021
300 ## - PHYSICAL DESCRIPTION
Extent 1 online resource (242 pages)
336 ## - CONTENT TYPE
Content type term text
Content type code txt
Source rdacontent
337 ## - MEDIA TYPE
Media type term computer
Media type code c
Source rdamedia
338 ## - CARRIER TYPE
Carrier type term online resource
Carrier type code cr
Source rdacarrier
490 ## - SERIES STATEMENT
Series statement ZMO-Studien
Volume/sequential designation 39
520 ## - SUMMARY, ETC.
Summary, etc. This monograph analyses the role of the province of Tripoli, Libya, in the context of German foreign politics with a focus on the period between 1884 and 1918. Suaad Alghafal examines the German military, political and economic strategy, and sheds lights on the international events that provided the setting for the German policy towards Libya, particularly the European 'Scramble for Africa'.
653 ## - INDEX TERM--UNCONTROLLED
Uncontrolled term Colonialism
653 ## - INDEX TERM--UNCONTROLLED
Uncontrolled term Foreign Policy
653 ## - INDEX TERM--UNCONTROLLED
Uncontrolled term Scramble For Africa
856 ## - ELECTRONIC LOCATION AND ACCESS
Uniform Resource Identifier <a href="https://docs.google.com/spreadsheets/d/1yKIrdCPDAG_9c22mwoOIO2DOhtj65Wqa/edit?usp=sharing&ouid=106555315294820607512&rtpof=true&sd=true ">https://docs.google.com/spreadsheets/d/1yKIrdCPDAG_9c22mwoOIO2DOhtj65Wqa/edit?usp=sharing&ouid=106555315294820607512&rtpof=true&sd=true </a>
Link text List of Curated E-Books
942 ## - ADDED ENTRY ELEMENTS (KOHA)
Koha item type E-Book

No items available.

University of Rizal System
Email us at univlibservices@urs.edu.ph

Visit our Website www.urs.edu.ph/library